Nursing solved question papers for general nursing and midwifery : (Record no. 12733)
[ view plain ]
| 000 -LEADER | |
|---|---|
| fixed length control field | 00752nam a22002057a 4500 |
| 005 - DATE AND TIME OF LATEST TRANSACTION | |
| control field | 20240801092629.0 |
| 008 - FIXED-LENGTH DATA ELEMENTS--GENERAL INFORMATION | |
| fixed length control field | 240724b |||||||| |||| 00| 0 eng d |
| 020 ## - INTERNATIONAL STANDARD BOOK NUMBER | |
| International Standard Book Number | 9788184489811 |
| 040 ## - CATALOGING SOURCE | |
| Original cataloging agency | BSUL |
| 082 ## - DEWEY DECIMAL CLASSIFICATION NUMBER | |
| Edition number | 22 |
| Classification number | 610.73 |
| Item number | SHA |
| 100 ## - MAIN ENTRY--PERSONAL NAME | |
| Personal name | Sharda, Poonam. |
| 9 (RLIN) | 24842 |
| 245 ## - TITLE STATEMENT | |
| Title | Nursing solved question papers for general nursing and midwifery : |
| Remainder of title | 1st year (2005 - 2010) based on Baba Faridkot university, Punjab / |
| Statement of responsibility, etc | Poonam Sharda. |
| 250 ## - EDITION STATEMENT | |
| Edition statement | 1st ed. |
| 260 ## - PUBLICATION, DISTRIBUTION, ETC. (IMPRINT) | |
| Place of publication, distribution, etc | New Delhi : |
| Name of publisher, distributor, etc | Jaypee Brothers Medical Publishers Ltd. , |
| Date of publication, distribution, etc | 2011. |
| 300 ## - PHYSICAL DESCRIPTION | |
| Extent | 281 p. : |
| Other physical details | ill. ; |
| Dimensions | 24 cm. |
| 650 ## - SUBJECT ADDED ENTRY--TOPICAL TERM | |
| Topical term or geographic name as entry element | Education |
| Form subdivision | Nursing. |
| 9 (RLIN) | 24863 |
| 650 ## - SUBJECT ADDED ENTRY--TOPICAL TERM | |
| Topical term or geographic name as entry element | Nurse |
| Form subdivision | Midwives education. |
| 9 (RLIN) | 24864 |
| 650 ## - SUBJECT ADDED ENTRY--TOPICAL TERM | |
| Topical term or geographic name as entry element | Teaching |
| General subdivision | Nurses' instruction. |
| Form subdivision | Methods |
| 9 (RLIN) | 24865 |
| 942 ## - ADDED ENTRY ELEMENTS (KOHA) | |
| Source of classification or shelving scheme | Dewey Decimal Classification |
| Item type | Books |
| Withdrawn status | Lost status | Source of classification or shelving scheme | Damaged status | Not for loan | Home library | Current library | Date acquired | Inventory number | Total Checkouts | Full call number | Barcode | Date last seen | Copy number | Price effective from | Koha item type |
|---|---|---|---|---|---|---|---|---|---|---|---|---|---|---|---|
| Dewey Decimal Classification | Main Library | Faculty of Nursing & Health Sciences Library | 01/08/2024 | 35572 | 610.73 SHA | bsu24080099 | 01/08/2024 | 001 | 01/08/2024 | Books | |||||
| Dewey Decimal Classification | Main Library | Faculty of Nursing & Health Sciences Library | 01/08/2024 | 35573 | 610.73 SHA | bsu24080100 | 01/08/2024 | 002 | 01/08/2024 | Books | |||||
| Dewey Decimal Classification | Main Library | Faculty of Nursing & Health Sciences Library | 01/08/2024 | 35574 | 610.73 SHA | bsu24080101 | 01/08/2024 | 003 | 01/08/2024 | Books | |||||
| Dewey Decimal Classification | Main Library | Faculty of Nursing & Health Sciences Library | 01/08/2024 | 35575 | 610.73 SHA | bsu24080102 | 01/08/2024 | 004 | 01/08/2024 | Books | |||||
| Dewey Decimal Classification | Main Library | Faculty of Nursing & Health Sciences Library | 01/08/2024 | 35576 | 610.73 SHA | bsu24080103 | 01/08/2024 | 005 | 01/08/2024 | Books |